00309nam a2200121Ia 4500008004100000041000800041082001200049100001300061245002800074260004400102300003000146365001100176240624s9999 xx 000 0 und d aeng a910 KHA aKHAN M M aENCYCLOPEDIA OF TOURISM c2009aMumbaibHimalaya Publishing House aix, : 339 : p. : cm. ; 22 cRSb30